The evolution of metabolic function

Αποθηκεύτηκε σε:
Λεπτομέρειες βιβλιογραφικής εγγραφής
Άλλοι συγγραφείς: Mortlock, Robert P. 1931- (Επιμελητής έκδοσης)
Μορφή: Βιβλίο
Γλώσσα:English
Δημοσίευση: Boca Raton : CRC Press, c1992.
Θέματα:
Ετικέτες: Προσθήκη ετικέτας
Δεν υπάρχουν, Καταχωρήστε ετικέτα πρώτοι!

MARC

LEADER 00000cam a2200000 i 4500
001 1/101216
008 000208s1992 eng d
020 |a 0-8493-8863-5 
035 |l 10057593 
040 |a GR-MY-UA  |b    |e aacr 
041 0 |a eng 
082 0 |a 576.1133 
245 1 4 |a The evolution of metabolic function /  |c edited by Robert P. Mortlock.  
260 |a Boca Raton :   |b CRC Press,   |c c1992.  
300 |a 339 σ. :   |b πίν., σχ.  
504 |a Περιλαμβάνει βιβλιογραφικές παραπομπές και ευρετήριο.  
650 0 0 |a Microbial metabolism  |x Evolution. 
700 1 |a Mortlock, Robert P.  |d 1931-  |e edt 
852 |a INST  |b LESVOS  |e 20000208  |h 575.1133 EVO  |p 005100021805  |q 005100021805  |t BK  |y 0 
901 |a BIBL1-2000-1 
909 |a Λ  |b 073354 
922 |a 1ΕΛΗ  |b 199912  |c ΚΠΣ/ΤΠ  |d GLORY 
950 |a 107-1999-12-23 
970 |a ΜΟΥΣΤΑΚΑ  |b ΠΗΝΕΛΟΠΗ  |z 2000/02/09